MDQL
is popping MORE tags! Check the
thread
!
Quizzes
Events
Quiz Creation
Community
Videos
Private Events
Remove Ads
Sign In
Join for FREE
Feedback
Dark Mode
Quiz Categories
Sports
Geography
Music
Movies
Television
Just For Fun
Miscellaneous
History
Literature
Language
Science
Gaming
Entertainment
Religion
Holiday
For Kids
Quiz Lab
Recent
Popular Today
Quiz Kudos Today
Editor Picks
Curator Picks
Quizzes by...
Day
Popularity
Type
Ratings
Length
Year
Community
Subscriptions
Recent Discussions
Orange Saloon
Badges
Playlists
Quests
Create
Leaderboards
Showdown
Live 5
Trivia Bingo
Activity
Puzzle Library
Sporcle Events
Private Events
Virtual Trivia
Globe League
Become a Host
Pub Owners
SporcleCon
Opinionation
Our Games
Videos
Blog
Mobile Apps
Partnerships
Remove Ads and Go Orange
Feedback
Movies
Disney
Marvel Cinematic Universe
Movie Resume
Movie Titles
Oscar
Actor
Actress
Director
Pixar
Role
Movie Quotes
Movie Characters
Box Office
Nominee
Best Picture
Star Wars
James Bond
Horror Movies
Movies
Disney
Marvel Cinematic Universe
Movie Resume
Movie Titles
Oscar
Actor
Actress
Director
Pixar
Role
Movie Quotes
Movie Characters
Box Office
Nominee
Best Picture
Star Wars
James Bond
Horror Movies
Random Quiz
Search Sporcle
×
Quiz Lab
Quiz Lab
Movies
Animation
Type in answers that appear in a list
Type in answers that appear in a list
Classic
Best Score? Go Orange.
Team America: 'Only a Woman' Lyrics Stats
Can you name the Lyrics from the disturbing sex scene in Team America: World Police?
By
Davidmon5
5m
195 Questions
186 Plays
186 Plays
186 Plays
Comments
Comments
Give Quiz Kudos
Give Quiz Kudos
-
- Ratings
hide this ad
Replay
Link that replays current quiz
Next Quiz
Link to next quiz in quiz playlist
You Got
0%
They Got
Avg Score
61%
Avg Friend Score
Upgrade to see
Score Distribution
Jump to the score distribution portion of the page
Score
0/195
Timer
05:00
0
Plays Today
Lyrics
% Correct
And
97.3%
the
97.3%
a
97.3%
the
97.3%
a
97.3%
And
97.3%
and
97.3%
the
97.3%
and
97.3%
the
97.3%
a
97.3%
the
97.3%
a
97.3%
a
97.3%
a
97.3%
Only a woman
90.9%
Only a woman
90.9%
Only a woman
90.9%
Only a woman
90.9%
Only a woman
90.9%
Only a woman
90.9%
only a woman
90.9%
Only a woman
90.9%
Only a woman
90.9%
I
89.8%
I
89.8%
I
89.8%
I
89.8%
I
89.8%
I
89.8%
I
89.8%
I
89.8%
I
89.8%
I
89.8%
I
89.8%
I
89.8%
I
89.8%
I
89.8%
on
89.2%
on
89.2%
you.
86%
woman.
86%
you.
86%
you
86%
woman.
86%
you
86%
woman.
86%
you
86%
woman.
86%
woman
86%
only
85.5%
only
85.5%
to
83.3%
to
83.3%
to
83.3%
to
83.3%
me
80.1%
me
80.1%
me
80.1%
can
78%
Can
78%
can
78%
can
78%
can
78%
can
78%
Lyrics
% Correct
is
74.7%
is
74.7%
is
74.7%
is
74.7%
love
74.2%
love
74.2%
touch
73.1%
touch
73.1%
touch
73.1%
way
70.4%
way.
70.4%
way.
70.4%
there.
69.4%
right
68.8%
right
68.8%
right
68.8%
right
68.8%
Right
68.8%
right
68.8%
right
68.8%
All
67.7%
All
67.7%
that
66.7%
that
66.7%
that
66.7%
do!
65.1%
do.
65.1%
do
65.1%
do
65.1%
allowed
64%
allowed
64%
you're
63.4%
You're
63.4%
you're
63.4%
you're
63.4%
you're
63.4%
E
62.4%
an
60.8%
ask
59.7%
your
59.7%
ask
59.7%
need
58.6%
need
58.6%
need
58.6%
need
58.6%
need
58.6%
need
58.6%
my
55.9%
my
55.9%
my
55.9%
my
55.9%
be
53.8%
be
53.8%
be
53.8%
will
52.7%
don't
51.6%
don't
51.6%
man...
50.5%
want
49.5%
now.
48.9%
now
48.9%
now.
48.9%
this
48.4%
one
47.8%
one
47.8%
Lyrics
% Correct
day.
47.3%
day,
47.3%
what
47.3%
day.
47.3%
up
46.2%
up
46.2%
up
46.2%
two.
45.7%
...or
45.7%
it
45.2%
it
45.2%
brighten
44.6%
so
44.6%
brighten
44.6%
brighten
44.6%
heartbeat,
43.5%
like
42.5%
like
42.5%
like
42.5%
doing
41.9%
doing
41.9%
There's
39.8%
emptiness
39.8%
emptiness
39.8%
when
39.2%
fill
38.7%
in
38.7%
here,
36.6%
just
36.6%
just
36.6%
just
36.6%
are
36%
if
35.5%
hair (or ham?)
33.9%
how
32.8%
but
32.8%
you'll
32.3%
tell
30.6%
hard,
29.6%
much
28.5%
true.
28.5%
Saturdays
28.5%
Please
28.5%
isn't
28%
of
28%
I'm
27.4%
simply
27.4%
partying
27.4%
I'm
27.4%
care
27.4%
around,
26.9%
mind,
26.9%
been
26.9%
time
25.8%
rain
24.7%
I've
24.7%
it's
24.2%
that's
22.6%
even
22.6%
should
22%
four
21%
tab
21%
morning,
20.4%
fifth
19.9%
gonna
18.3%
Quiz Playlist
Details
Report
Send in Message
Add To Playlist
Classic:
Type in answers that appear in a list
Last Updated: Feb 16, 2017
Quiz Scoreboard
CHALLENGE
Sign Up to Join the Scoreboard
Show All
Scores
Hide
Comments
May contain spoilers
Recently Published
5x2 Blitz: Bands
by SL_Kpop136
Music
30s
Colored Red Africa Blitz
by spor1
Geography
30s
Find the 'City' Movie
by crazypaving
Movies
60s
More to Explore
Quiz From the Vault
Featured Blog Post
14 Easter Pick-up Lines to Find Eggs With
hide this ad
You Might Also Like...
Tags
Animation Quiz
Lyrics Quiz
Sex
Team America
Today's Top Quizzes in Movies
Browse Movies
hide this ad
Today's Top Quizzes in Animation
Browse Animation
Top Contributed Quizzes in Movies
1
Find The 'Big' Movie
2
Find The 'Wild' Movie
3
Find The 'Blue' Movie
4
Movies By Plot
5
Hidden Star Wars Character II
6
Pick 5 Posters: Directed by Spielberg
7
Hidden Star Wars Character III
8
The ultimate James Bond movie quiz
9
Hidden Star Wars Character IV
10
25 Best Actor Nominees (1990s)
Explore More
Trending Topics
Harry Potter
Anime
Crossword
Marvel
Kpop
Disney
NBA
Country
Song
The Office
Soccer
WWE
NFL
Pokémon
Puzzle
hide this ad
More By:
Davidmon5
Quiz
Plays
Rating
Category
Featured
Created
2011 NBA All-Stars
4,672
4.56
Sports
Feb 4, 2011
Famous Sex Scandals
4,400
4.36
Entertainment
Jan 9, 2011
Relocated NBA Franchises (Hard)
3,097
4.45
Sports
Jan 8, 2011
Most Common Spanish Surnames by Country
2,395
4.45
Language
Jan 6, 2011
What're the Odds?
1,331
4.48
Science
Jan 10, 2011
Go to Creator's Profile
Score Distribution
Quiz Creator Spotlight
Davidmon5
Follow
Send a Message
Quizzes Created
-
Created Quiz Play Count
-
More By This Creator
Popular Quizzes Today
1
Colored Red Africa Blitz
2
Find the 'City' Movie
3
Find the US States - No Outlines Minefield
4
5x2 Blitz: Bands
5
The Countries of the World
6
Find the US States
7
US States
8
Find the Countries of Europe - No Outlines Minefield
More Movies Quizzes
What Movie? 'The' 21st Century Horror Films (Slideshow)
Curator's Pick
Trending Quizzes
Colored Red Europe Blitz I
Colored Red Africa Blitz II
Colored Red Europe Blitz II
Colored Red Europe Blitz III
Colored Red Africa Blitz III
Recently Updated
How Do You Spell That?
pecheneg
Godzilla Movies
pecheneg
Grab Bag: 4-10 Letters
pecheneg
2024 March Madness Bracket
pecheneg
Famous TV Couples
Peacemaker
Champions League XIs: Real Madrid
pecheneg
Largest US Cities 1790-2010
pecheneg
Rides in Walt Disney World
pecheneg
Most Oscar Losses (Acting)
pecheneg
Beyoncé Albums
pecheneg
Trending Topics
Marvel
NBA
Anime
Disney
Kpop
Harry Potter
Crossword
Soccer
WWE
Song
NFL
Pokémon
Country
The Office
Puzzle
Your Account Isn't Verified!
In order to create a playlist on Sporcle, you need to verify the email address you used during registration. Go to your
Sporcle Settings
to finish the process.
Report this User
Report this user for behavior that violates our
Community Guidelines
.
Details:
Send Report
Go to the Sporcle.com Mobile Site →
Comments